00523 2200193 4500001002100000005001500021035002000036007000300056008004100059082001200100084001800112100001900130245007900149250001000228260004000238300002500278650001300303990001300316INLIS00000000000069720171013025327 a0010-1017000251ta171013 f 0 ind  a297.413 a297.413 AZY m0 aAzyumardi Azra1 aMalam Seribu Bulan :bRenungan-renungan 30 Hari Ramadhan /cAzyumardi Azra aCet.1 aJakarta :bPenerbit Erlangga,c2005 a186hlm ;c13 x 19 cm aRamadhan a1072 814